000
00506nam a2200169Ia 4500
008
090711s9999 xx 000 0 und d
082
_b
67604
100
_a
यादवाडकर प्रकाश
245
_a
आकाशभरारी
260
_c
1991
300
_a
271
600
_a
यादवाडकर प्रकाश
630
_a
आकाशभरारी
700
_a
यादवाडकर प्रकाश
730
_a
आकाशभरारी
942
_c
BOOK
999
_c
332109
_d
332109